№ 6; Национальные стандарты

書誌詳細
Parent link:Национальные стандарты: Информационный указатель/ Федеральное агентство по техническому регулированию и метрологии. № 6.— , 2004-
言語:ロシア語
出版事項: 2009
フォーマット: 図書
KOHA link:https://koha.lib.tpu.ru/cgi-bin/koha/opac-detail.pl?biblionumber=414145

MARC

LEADER 00000nam2a2200000 4500
001 414145
005 20250220140441.0
035 |a (RuTPU)RU\TPU\prd\69444 
090 |a 414145 
100 |a 20090820a19409999k y0rusy50 ca 
101 0 |a rus 
102 |a RU 
200 0 |a № 6 
210 |d 2009 
461 1 |0 (RuTPU)RU\TPU\prd\23792  |t Национальные стандарты  |o Информационный указатель  |f Федеральное агентство по техническому регулированию и метрологии  |v № 6  |d 2004- 
801 0 |a RU  |b 63413507  |c 20010227  |g PSBO 
801 1 |a RU  |b 63413507  |c 20090820 
801 2 |a RU  |b 63413507  |c 20191122  |g RCR 
942 |c CR